000 00587nam a2200229 a 4500
001 nice12345678
003 IN_TiNIC
005 20260116014301.0
008 050524s1998 newa grp 000 0 urd
020 _a
_c158
082 0 0 _a759.954
_bBRO
100 _aBrown, Percy
245 _aHindustani Musawwari(ahad-E-Mughliya Mein)
260 _aNew Delhi
_bQaumi Council Barai Taraqi-E-Urdu Lang
_c1998
300 _a256p
500 _aincludes index and biblioraphy
505 2 _aBibliography
650 _aPainting-Mughal
902 _bSRS
942 _cBK
999 _c14635
_d14635